Sports Quiz

Random Sports or Golf Quiz

Arnold Palmer Invitational Winners (PGA TOUR) Quiz Stats

 Plays Quiz not verified by Sporcle

Challenge
Share
Tweet
Embed
Score 0/53 Timer 10:00
0 Plays Today
Year Golfer % Correct
2000Tiger Woods
96.7%
2001Tiger Woods
96.7%
2002Tiger Woods
96.7%
2003Tiger Woods
96.7%
2008Tiger Woods
96.7%
2009Tiger Woods
96.7%
2012Tiger Woods
96.7%
2013Tiger Woods
96.7%
1971Arnold Palmer
80%
1997Phil Mickelson
78.3%
1975Lee Trevino
70%
2007 Vijay Singh
70%
2018Rory McIlroy
69.2%
1998Ernie Els
66.7%
2010Ernie Els
66.7%
1992Fred Couples
65%
2016Jason Day
61.7%
1982Tom Kite
58.3%
1989Tom Kite
58.3%
1988Paul Azinger
48.3%
1987Payne Stewart
45%
1993Ben Crenshaw
43.3%
2005Kenny Perry
41.7%
2014Matt Every
41.7%
2015Matt Every
41.7%
1976Hale Irwin
40%
1985Fuzzy Zoeller
38.3%
Year Golfer % Correct
1990Robert Gamez
33.3%
1994Loren Roberts
23.3%
1995Loren Roberts
23.3%
2004Chad Campbell
21.7%
2011Martin Laird
15%
1967Julius Boros
13.3%
2006Rod Pampling
13.3%
1996Paul Goydos
10%
1977Gary Koch
8.3%
1984Gary Koch
8.3%
1999Tim Herron
8.3%
2017Marc Leishman
7.7%
1991Andrew Magee
6.7%
1981Andy Bean
5%
1986Dan Forsman
3.3%
1966Lionel Hebert
1.7%
1968Dan Sikes
1.7%
1969Ken Still
1.7%
1970Bob Lunn
1.7%
1972Jerry Heard
1.7%
1973Buddy Allin
1.7%
1974Jerry Heard
1.7%
1978Mac McLendon
1.7%
1979Bob Byman
1.7%
1980Dave Eichelberger
1.7%
1983Mike Nicolette
1.7%

You're not logged in!

Compare scores with friends on all Sporcle quizzes.
OR
Log In

You Might Also Like...

Show Comments

Extras

Top Quizzes Today


Score Distribution

Your Account Isn't Verified!

In order to create a playlist on Sporcle, you need to verify the email address you used during registration. Go to your Sporcle Settings to finish the process.

Report this User

Report this user for behavior that violates our Community Guidelines.

Details: